| 000 | 01040nam a22002775a 4500 | ||
|---|---|---|---|
| 005 | 20090715160438.0 | ||
| 008 | 090224s2009 ii b 001 0 eng d | ||
| 010 | _aENG-94424 | ||
| 020 |
_a9780195698527 _c895.00 |
||
| 020 |
_a0195698525 _c895.00 |
||
| 035 | _aEN-77957 | ||
| 037 | _aDBAD / PUB | ||
| 040 |
_adpl _bEnglish |
||
| 082 | _a344.54046 | ||
| 100 | _aSahasranaman, P. B. | ||
| 245 |
_aHandbook of environmental law / _cby P.B. Sahasranaman. |
||
| 246 | _aHand book of environmental law | ||
| 260 |
_aNew Delhi _bOxford University Press _c2009 |
||
| 270 |
_aYMCA Library Building, Jai Singh Road, _bNew Delhi _e110001 |
||
| 300 |
_axiii, 350 p. _c25cm(Hb) |
||
| 500 | _aIncludes indexes. | ||
| 504 | _aIncludes bibliographical references | ||
| 650 |
_aEnvironmental law _zIndia. |
||
| 942 |
_2ddc _cEN _h344.54046 _mSAH |
||
| 999 |
_c28299 _d28299 |
||